000 00716nam a2200253Ia 4500
003 OSt
005 20220928115127.0
006 a|||||r|||| 00| 0
007 ta
008 220927b |||||||| |||| 00| 0 fre d
020 _cINR 599.00
024 _a133960
037 _b0259, 08/03/2017, Bookwell Publications
_cTextual
040 _aSDCL
_cSDCL
_bfre
041 _2fre
_afre
082 _aO-,3, N9 LR
100 _aNagarkar Kiran
_9415629
245 0 _aCuckold
260 _aNoida
_bHarper Collins
_c1999
300 _ax,609p.
_ccm.
650 _aReference
942 _hO-,3, N9 LR
_cTEXL
_2CC
999 _c758309
_d758309